000 00457nam a2200181Ia 4500
001 11248
005 20260306161932.0
008 260306t1993||||xx |||||||||||||| ||spa||
041 _aESP
082 _a985.02
_bB96B
100 _aBusto Duthurburu, José Antonio del
_eAUT
245 0 _aFrancisco Pizarro:
_bel marqués gobernador
260 _c1993
300 _a251 páginas :
_c20 cm.
650 _aGEN
654 _aCHU
942 _cLIB
_dJUS
_fJUS
_2ddc
_n
999 _c11248
_d11248